|
|
|
|
| LEADER |
00000nam a2200000 a 4500 |
| 001 |
vtls001357378 |
| 003 |
SK-MaSNL |
| 005 |
20260301114957.0 |
| 008 |
240314sm y0 xo 0 und |
| 035 |
|
|
|a SNK000310872
|
| 040 |
|
|
|a SNK
|b slo
|c SNK
|e AACR2
|
| 044 |
|
|
|a xo
|c SK
|
| 100 |
1 |
|
|a Poss, Gerhard
|4 aut
|9 459238
|
| 245 |
1 |
0 |
|a Inhalačný prístroj bez hnacieho plynu. A 61M 15/00
|
| 260 |
|
|
|a Bratislava
|b Úrad priemyselného vlastníctva SR
|c 1999
|
| 300 |
|
|
|a 7 s.
|
| 999 |
|
|
|c 720474
|d 722404
|
| 952 |
|
|
|t P60, <04>, [BOOK], {604}
|a SNK
|b SNK
|y VYP
|7 0
|p 17A0183309
|o snkSK 279256
|i snkPS 106/99
|0 0
|1 0
|4 0
|d 1999-03-10
|l 0
|r 2005-01-02 00:00:00
|w 2026-02-23
|